000 00575nam a22001817a 4500
003 UA-OsUOA
001 13924
007 ta
008 20030702b un ||||| |||| 00| 0 ukr d
100 _aКохан В.
942 _cSA
040 _aUA-OsUOA
_cUA-OsUOA
_dUA-OsUOA
245 _aВшанували кращих роботодавців [обл. по підсумках III-го Всеукр. конкурсу ]
300 _aС.2
955 _a0
773 0 _w0
_tВісті Рівненщини
_dРівне
_d2003
_g№52/25 черв./
650 7 _aЗайнятість
_2UDC
999 _c300085
_d300085